000
00309nam a2200121 a 4500
008
110426s1988|||| d
100
1
_a
Lenárt, Jozef
245
1
0
_a
Politika kultury,kultúra politiky
260
_b
Slovenský spisovateľ
_c
1988
_a
Bratislava
020
_c
29
044
_a
xo
_c
SK
041
_a
slo
999
_c
19154
_d
19154